000 00934nac a22002777a 4500
001 BR2600019
003 BR-BrBNA
005 20240105112756.0
008 230509b bl.|||m| |||| 00| 0 por d
040 _aBR-BrBNA
_bpor
_cBiblioteca Nacional de Agricultura
072 _aA00
090 _aA00 BR2600019
110 1 _aSecretaria da Agricultura do Estado de Minas Gerais, Belo Horizonte (Brasil)
_98221
245 1 _aRelatorio referente aos annos de 1922 a 1926 [Secretaria da Agricultura do Estado de Minas Gerais, Brasil]
260 3 _aBelo Horizonte, MG (Brasil):
_c1926.
300 _a379 p.
490 _aRelatorio - Secretaria da Agricultura do Estado de Minas Gerais (Brazil)
_v
_x
650 _aTRANSPORTE
650 _aENSINO
650 _aREFLORESTAMENTO
650 _aCOLONIZACAO
650 _aNAVEGACAO
650 _aMINAS GERAIS
909 _a202312
_bLúcia Elande
_c55
_dLúcia Elande
942 _2AGRIS
_n0
_cMS
999 _c260257
_d260257